Automorphic forms on adele groups /
Guardado en:
| Autor Principal: | |
|---|---|
| Formato: | Libro |
| Idioma: | English |
| Publicado: |
Princeton, N.J. :
Princeton University Press,
1975.
|
| Series: | Annals of mathematics studies ;
no. 83 |
| Materias: | |
| Acceso en línea: | Google Book Search |
| Etiquetas: |
Agregar Etiqueta
Sin Etiquetas, Sea el primero en etiquetar este registro!
|
| LEADER | 01073cam a2200277 a 4500 | ||
|---|---|---|---|
| 001 | MAT.inmabb004351 | ||
| 008 | 741025s1975####nju######b####001#0#eng## | ||
| 005 | 20130412130225.0 | ||
| 245 | 1 | 0 | |a Automorphic forms on adele groups / |c by Stephen S. Gelbart. |
| 260 | |a Princeton, N.J. : |b Princeton University Press, |c 1975. | ||
| 300 | |a x, 267 p. ; |c 24 cm. | ||
| 440 | 0 | |a Annals of mathematics studies ; |v no. 83 | |
| 500 | |a "Expanded from notes mimeographed at Cornell in May of 1972 and entitled Automorphic forms and representations of adele groups." | ||
| 504 | |a Incluye referencias bibliográficas (p. 260-263) e índice. | ||
| 510 | 4 | |a MR, |c 52 #280 | |
| 020 | |a 0691081565 | ||
| 100 | 1 | |a Gelbart, Stephen S., |d 1946- | |
| 650 | 0 | |a Representations of groups. | |
| 650 | 0 | |a Automorphic forms. | |
| 650 | 0 | |a Linear algebraic groups. | |
| 650 | 0 | |a Adeles. | |
| 084 | |a 10D05 (10D15 22E55) |2 MR | ||
| 010 | |a 74023388 | ||
| 040 | |a DLC |c DLC |d DLC | ||
| 856 | 4 | |u http://books.google.com/books?vid=ISBN0691081565 |y Google Book Search | |
| 859 | |h 11 |i G314 |p A-5507 |b BIB. MATEMATICA | ||
